Jet Propulsion : (Record no. 16538)
[ view plain ]
| 000 -LEADER | |
|---|---|
| fixed length control field | 01676cam a22003254a 4500 |
| 001 - CONTROL NUMBER | |
| control field | 13249149 |
| 005 - DATE AND TIME OF LATEST TRANSACTION | |
| control field | 20100805113029.0 |
| 008 - FIXED-LENGTH DATA ELEMENTS--GENERAL INFORMATION | |
| fixed length control field | 030623s2003 enka b 001 0 eng |
| 010 ## - LIBRARY OF CONGRESS CONTROL NUMBER | |
| LC control number | 2003047256 |
| 020 ## - INTERNATIONAL STANDARD BOOK NUMBER | |
| International Standard Book Number | 0521541441 (pbk.) |
| 040 ## - CATALOGING SOURCE | |
| Original cataloging agency | DLC |
| Transcribing agency | DLC |
| Modifying agency | DLC |
| 042 ## - AUTHENTICATION CODE | |
| Authentication code | pcc |
| 050 00 - LIBRARY OF CONGRESS CALL NUMBER | |
| Classification number | TL709.3.T83 |
| Item number | C85 2003 |
| 082 00 - DEWEY DECIMAL CLASSIFICATION NUMBER | |
| Classification number | 629.1343533 |
| Edition number | 21 |
| Item number | CUM |
| 100 1# - MAIN ENTRY--PERSONAL NAME | |
| Personal name | Cumpsty, N. A. |
| 9 (RLIN) | 29185 |
| 245 10 - TITLE STATEMENT | |
| Title | Jet Propulsion : |
| Remainder of title | a Simple guide to the Aerodynamics and Thermodynamic Design and Performance of Jet Engines / |
| Statement of responsibility, etc | Nicholas Cumpsty. |
| 250 ## - EDITION STATEMENT | |
| Edition statement | 2nd ed. |
| 260 ## - PUBLICATION, DISTRIBUTION, ETC. (IMPRINT) | |
| Place of publication, distribution, etc | Cambridge, U.K. ; |
| -- | New York, NY, USA : |
| Name of publisher, distributor, etc | Cambridge Univeristy Press, |
| Date of publication, distribution, etc | 2003. |
| 300 ## - PHYSICAL DESCRIPTION | |
| Extent | xv, 303 p. : |
| Other physical details | ill. ; |
| Dimensions | 25 cm. |
| 504 ## - BIBLIOGRAPHY, ETC. NOTE | |
| Bibliography, etc | Includes bibliographical references (p. [297]-[300]) and index. |
| 650 #0 - SUBJECT ADDED ENTRY--TOPICAL TERM | |
| Topical term or geographic name as entry element | Airplanes |
| General subdivision | Turbojet engines. |
| 9 (RLIN) | 29186 |
| 650 #0 - SUBJECT ADDED ENTRY--TOPICAL TERM | |
| Topical term or geographic name as entry element | Airplanes |
| General subdivision | Jet propulsion. |
| 9 (RLIN) | 29187 |
| 650 #0 - SUBJECT ADDED ENTRY--TOPICAL TERM | |
| Topical term or geographic name as entry element | Jet engines |
| General subdivision | Design and construction. |
| 9 (RLIN) | 29188 |
| 653 ## - INDEX TERM--UNCONTROLLED | |
| Resource For college | |
| -- | |
| Arrived date list | March2012 |
| 942 ## - ADDED ENTRY ELEMENTS (KOHA) | |
| Source of classification or shelving scheme | Dewey Decimal Classification |
| Item type | Book - Borrowing |
| Withdrawn status | Item status | Source of classification or shelving scheme | Damaged status | Not for loan | Vendor | Home library | Current library | Shelving location | Date acquired | Source of acquisition | Total Checkouts | Full call number | Barcode | Date last seen | Date last borrowed | Koha item type | Materials specified (bound volume or other part) | Total Renewals |
|---|---|---|---|---|---|---|---|---|---|---|---|---|---|---|---|---|---|---|
| Dewey Decimal Classification | Baccah | Central Library | Central Library | First floor | 04/03/2012 | 1 | 629.1343533 CUM | 000026292 | 15/07/2025 | 20/03/2012 | NB - Book (Non borrowing) | |||||||
| Lost | Dewey Decimal Classification | Baccah | Central Library | Central Library | First floor | 04/03/2012 | 3 | 629.1343533 CUM | 000026293 | 23/06/2013 | 15/05/2012 | Book - Borrowing | Lost In Inventory_2015-8-23 | |||||
| Dewey Decimal Classification | Baccah | Central Library | Central Library | First floor | 04/03/2012 | 1 | 629.1343533 CUM | 000026294 | 15/07/2025 | 01/12/2021 | Book - Borrowing | 40 |